Name That TV Show - Statistics

General Stats
  • This quiz has been taken 99 times
  • The average score is 7 of 10
Answer Stats
Character Names Answer % Correct
Stan, Eric, Kyle, Kenny South Park
90%
Niles, Daphne, Frasier, Roz, Martin Frasier
87%
Jerry, George, Elaine, Kramer Seinfeld
87%
Blanche, Dorothy, Rose, Sophia The Golden Girls
84%
Sam, Diane, Coach, Cliff, Norm, Carla Cheers
75%
Tim, Jill, Al, Wilson, Brad, Randy, Mark, Heidi Home Improvement
66%
Claire, Cliff, Vanessa, Rudy, Theo, Sondra, Denise The Cosby Show
63%
Zack, AC, Kelly, Jesse, Screech, Lisa Saved By The Bell
52%
Kevin, Wayne, Paul, Winnie The Wonder Years
52%
Obie, Julien, Zoya, Kate, Max Gossip Girl
7%
No matching quizzes found
Score Distribution
Percent of People with Each Score
Percentile by Number Answered
Your Score History
You have not taken this quiz